La comunicación de masas / (Registro nro. 10383)

Detalles MARC
000 -LIDER
fixed length control field 00824nam a2200277 4500
001 - NÚMERO DE CONTROL
Identificador de número de control 987
003 - IDENTIFICACDOR DE NÚMERO DE CONTROL
control field DO-SdBNP
005 - DATE AND TIME OF LATEST TRANSACTION
control field 20171108132308.0
007 - CAMPOS FIJOS DE DESCRIPCIÓN FÍSICA
fixed length control field 987
008 - ELEMENTOS DE LONGITUD FIJA
fixed length control field 160614b 1974 sp |||| |||| 00| 0 spa d
020 ## - ISBN
International Standard Book Number 8485047230
040 ## - FUENTE DE CATALOGACIÓN
Agencia que crea de manera original el registro BPMSU
Idioma de catalogación spa
Agencia que realiza la transcripción BPMSU
082 #4 - NÚMERO DE CLASIFICACIÓN DECIMAL DE DEWEY
Classification number 302.234
Item number M954c
100 1# - ASIENTO PRINCIPAL -- NOMBRE PERSONAL
Nombre personal Burgelin, Olivier.
240 ## - TITULO UNIFORME
Título uniforme La communication de masse
Idioma de una obra Español
245 13 - MENCIÓN DE TITULO
Título La comunicación de masas /
Mención de responsabilidad Olivier Burgelin
260 0# - PUBLICACIÓN, DISTRIBUCIÓN, ETC. (PIE DE IMPRENTA)
Lugar de publicación, distribución, etc Barcelona :
Nombre del editor, distribuidor, etc. A.T. E,
300 ## - DESCRIPCIÓN FÍSICA
Extensión 229 p. :
Dimensiones 23 cm.
490 1# - MENCIÓN DE SERIES
Mención de serie Libros de comunicación social
650 #4 - ENCABEZAMIENTO DE MATERIA--TEMÁTICO
Término temático o nombre geográfico como elemento de entrada MEDIOS DE COMUNICACION DE MASAS
830 #0 - ASIENTO SECUNDARIO DE SERIE--TÍTULO UNIFORME
Título uniforme Libros de comunicación social
910 ## - VALIDACIÓN
Validación Validado. Control de calidad MFF
942 ## - ADDED ENTRY ELEMENTS (KOHA)
Source of classification or shelving scheme Dewey Decimal Classification
Koha item type Libros
945 ## - INFORMACIÓN DE PROCESAMIENTO LOCAL
Información de procesamiento local Inventariado extranjero / 2017 VM
956 ## - LOCAL ELECTRONIC LOCATION AND ACCESS (OCLC)
Nombre de host VMATEO
Número de acceso 10
Información de compresión 20160614
Trayectoria BPMSU
Nombre Electrónico 0069
Existencias
Withdrawn status Lost status Source of classification or shelving scheme Damaged status Not for loan Collection code Home library Current library Date acquired Total Checkouts Full call number Barcode Date last seen Price effective from Koha item type
    Dewey Decimal Classification     Colección General Biblioteca Pública Metropolitana Salomé Ureña Biblioteca Pública Metropolitana Salomé Ureña 06/14/2016   302.2 M954c BPMSU16060188 06/14/2016 06/14/2016 Libros